LEADER 01123nam a2200277 4500 001 000000358168 003 CaOOAMICUS 005 20240613155114.0 008 240429s1994 it 000 u ita r 020 $a88-308-0562-9 040 $aSeMil$bita 100 1 $aBellet, Maurice,$d<1923-2018>.$0(OLS)http://semarc/name/90451 240 12$aL'eglise morte ou vive.$0(OLS)http://semarc/title/448463 245 13$aLa Chiesa :$bmorta o viva? /$cMaurice Bellet. 264 1$aAssisi :$bCittadella,$c1994. 300 $a218 p. ;$c19 cm 490 1 $aVangelo e vita. Nuova serie 650 4$aEcclesiologia.$0(OLS)http://semarc/subject/42996 830 0$aVangelo e vita. Nuova serie.$0(OLS)http://semarc/title/10554 850 $aSeMil 852 $aSeMil$W1$xVenegono$y1$m2B I 81$j249019$B249285$CSeMilBibl$Z2$F249285 $81 961 $aCitrini don Tullio - Omaggio 996 $6020$a88-308-0562-9$9(OLS)http://semarc/number/300318 996 $6245$aLa Chiesa :$bmorta o viva?$9(OLS)http://semarc/title/448464 996 $6264$aAssisi :$bCittadella$9(OLS)http://semarc/publisher/29661 LEADER 01678nam a2200289 i 4500 001 000000224246 003 CaOOAMICUS 005 20251110141103.0 008 131129s1618 it u000 u lat u 013 $a203144 026 $an-u- *;** *.** euvi (3) 1618 (R) - [*=Caratteri greci] 040 $aSeMil$bita 100 0 $aCyrillus : Alexandrinus,$c.$0(OLS)http://semarc/name/480 245 10$aSancti patris nostri Cyrilli Alexandr. Archiepiscopi Eortastikoi logoi L. Sermones paschales triginta: ex interpretatione Antonii Salmatiae, S. Theologiae in Ambrosiano collegio doctoris. 250 $aGraece nunc primum & latine typis editi ex Ambrosiana Mediolan. Bibliotheca 260 $aAntuerpiae :$bApud Heredes Martini Nutii et Ioannem Meursium,$c1618. 300 $a[8], 304, [8] p. ;$cfol. 500 $aTesto in latino e greco su due colonne 500 $aMarca editoriale: In cornice figurata: una cicogna nutre con una serpe il piccolo: Motto: Pietas homini tutissima virtus. (D17001). 500 $aFront. stampato in rosso e nero 500 $aSegn.: *4 A-2Q4 700 1 $aNuyts, Martin$b<2.,$cEditore>.$0(OLS)http://semarc/name/78089 850 $aSeMil 852 $aSeMil$W1$xVenegono$y1$m2O VI 42 FA$j174592$B174592$CSeMilBibl$Z2$F185938 $8I 996 $6245$aSancti patris nostri Cyrilli Alexandr. Archiepiscopi Eortastikoi logoi L. Sermones paschales triginta: ex interpretatione Antonii Salmatiae, S. Theologiae in Ambrosiano collegio doctoris$9(OLS)http://semarc/title/321351 996 $6260$aAntuerpiae :$bApud Heredes Martini Nutii et Ioannem Meursium$9(OLS)http://semarc/publisher/53376